| 000 | 00331nam a2200133Ia 4500 | ||
|---|---|---|---|
| 005 | 20260328104327.0 | ||
| 008 | 260328s9999||||xx |||||||||||||| ||und|| | ||
| 100 | _aMckeown, James C. | ||
| 245 | 0 |
_aGabinete de curiosidades griegas / _cJames C. Mckeown |
|
| 260 | _bCritica | ||
| 300 | _a358 p. | ||
| 650 | _aGRECIA | ||
| 942 | _cBK | ||
| 999 |
_c11572 _d11572 |
||